History Quiz

Random History Quiz

People on US Currency Quiz Stats

 Plays Quiz not verified by Sporcle

Also try: Gracious in Defeat
Challenge
Share
Tweet
Embed
Score 0/11 Timer 03:00
0 Plays Today
Currency Person % Correct
Penny ($0.01)Abraham Lincoln
100%
Five Dollar Bill ($5.00)Abraham Lincoln
100%
Nickel ($0.05)Thomas Jefferson
97.1%
Quarter ($0.25)George Washington
97.1%
Dollar Bill ($1.00)George Washington
97.1%
One-hundred dollar bill ($100.00)Benjamin Franklin
94.2%
Half-Dollar ($0.50)John F. Kennedy
84.1%
Twenty Dollar Bill ($20.00)Andrew Jackson
81.2%
Ten Dollar Bill ($10.00)Alexander Hamilton
79.7%
Fifty Dollar Bill ($50.00)Ulysses S. Grant
78.3%
Dime ($0.10)Dwight D. Eisenhower
59.4%

You're not logged in!

Compare scores with friends on all Sporcle quizzes.
Join for Free
OR
Log In

You Might Also Like...

Show Comments

Extras

Top Quizzes Today


Score Distribution

Your Account Isn't Verified!

In order to create a playlist on Sporcle, you need to verify the email address you used during registration. Go to your Sporcle Settings to finish the process.

Report this User

Report this user for behavior that violates our Community Guidelines.

Details: